Memory from A to Z : (Record no. 531)

MARC details
000 -LEADER
fixed length control field 00733cam a2200241 a 4500
005 - DATE AND TIME OF LATEST TRANSACTION
control field 20260322212023.0
008 - FIXED-LENGTH DATA ELEMENTS--GENERAL INFORMATION
fixed length control field data
010 ## - LIBRARY OF CONGRESS CONTROL NUMBER
LC control number 2002071529
020 ## - INTERNATIONAL STANDARD BOOK NUMBER
International Standard Book Number 0198502672
020 ## - INTERNATIONAL STANDARD BOOK NUMBER
International Standard Book Number 9780198502678
040 ## - CATALOGING SOURCE
Original cataloging agency DLC
Transcribing agency DLC
Modifying agency CtY
042 ## - AUTHENTICATION CODE
Authentication code pcc
050 00 - LIBRARY OF CONGRESS CALL NUMBER
Classification number QP406
Item number .D843 2002
099 ## - LOCAL FREE-TEXT CALL NUMBER (OCLC)
Classification number Ref 153.1203 D833 2002
001 - CONTROL NUMBER
control field data
100 1# - MAIN ENTRY--PERSONAL NAME
Personal name Dudai, Yadin.
245 10 - TITLE STATEMENT
Title Memory from A to Z :
Remainder of title keywords, concepts, and beyond /
Statement of responsibility, etc. Yadin Dudai.
260 ## - PUBLICATION, DISTRIBUTION, ETC.
Place of publication, distribution, etc. New York :
-- New York :
Name of publisher, distributor, etc. Oxford University Press,
Date of publication, distribution, etc. 2002.
300 ## - PHYSICAL DESCRIPTION
Extent vi, 331 p. :
Other physical details ill. ;
Dimensions 25 cm.
504 ## - BIBLIOGRAPHY, ETC. NOTE
Bibliography, etc. note Includes bibliographical references and index.
590 ## - LOCAL NOTE (RLIN)
Local note Includes bibliographical references (p. 253-319) and index.
650 #0 - SUBJECT ADDED ENTRY--TOPICAL TERM
Topical term or geographic name entry element Memory
Form subdivision Encyclopedias.
Holdings
Withdrawn status Lost status Damaged status Not for loan Home library Current library Shelving location Date acquired Total checkouts Full call number Barcode Date last seen Price effective from Koha item type
        Centerville Centerville General stacks 22/03/2026   QP406 .D843 2002 BC0010544 22/03/2026 22/03/2026 Books